Racionalización de los recursos en el sistema de suministros C.C.S.S

Shranjeno v:
Bibliografske podrobnosti
Glavni avtor: González Murillo, José Rafael
Format: Knjiga
Izdano: San José, Costa Rica 1991
Teme:
Oznake: Označite
Brez oznak, prvi označite!

MARC

LEADER 00000nam a2200000Ia 4500
003 007380
005 20221231144304.0
008 140114s1991 cr a m 000 ||s d
040 |c cru CEDI 
090 |a TFG 3100 
100 |a González Murillo, José Rafael  |9 11396 
245 |a Racionalización de los recursos en el sistema de suministros C.C.S.S  
260 |c 1991  |a San José, Costa Rica 
300 |a  153, [48] hojas : ilustraciones ; 28 cm.  
500 |a  Proyecto de graduacion (licenciatura en ingenieria industrial)--Universidad de Costa Rica. Facultad de Ingeniería. Escuela de Ingenieria Industrial 
650 |x CAJA COSTARRICENSE DE SEGURO SOCIAL.. DIRECCION DE RECURSOS MATERIALES   |x ADMINISTRACION  |9 11397 
942 |c TFG  |2 ddc 
999 |c 19650  |d 19650